[Event "Sheikh Russel GM 2021"]
[Site "Dhaka"]
[Date "2021.10.26"]
[Round "8.3"]
[White "Koustav Chatterjee"]
[Black "Asadli, Vugar"]
[Result "1/2-1/2"]
[WhiteElo "2431"]
[BlackElo "2585"]
[Annotator "TA"]
[PlyCount "79"]
[EventDate "2021.10.19"]
[EventType "swiss"]
[EventCountry "BAN"]
[SourceTitle "playchess.com"]
[Source "ChessBase"]
[SourceQuality "1"]

{[%evp 9,79,32,37,14,39,33,39,38,57,55,56,54,62,57,70,81,75,53,55,55,43,0,50,59,52,60,57,42,87,45,102,102,100,69,79,-15,0,-43,-47,-37,-43,-43,-29,-37,-43,-49,-35,-66,0,0,0,0,0,0,0,0,0,-13,0,-28,0,0,8,0,11,11,11,11,11,11,50,0]} 1. e4 c5 2. Nf3 d6 3. Bb5+ Nd7 4. O-O Ngf6 5. Re1 a6 6. Bd3 {B51: Sicilian: Moscow Variation (3 Bb5+) without 3...Bd7.} Ne5 7. Nxe5 dxe5 8. a4 b6 9. Na3 e6 10. b3 {[#]} h5 $146 ({Predecessor:} 10... Bd6 11. Nc4 Bc7 12. Bb2 Nd7 13. f4 O-O 14. Qg4 Bb7 15. Nxe5 Nxe5 16. fxe5 b5 {0-1 (71) Khairullin,I (2648)-Vorobiov,E (2587) Vladivostok 2014}) 11. Bb2 Qc7 12. Nc4 Nd7 13. Qf3 Be7 14. c3 Bb7 15. Rac1 g5 16. Qe2 Nf8 17. Bb1 Ng6 18. d4 f6 19. b4 Rd8 (19... cxb4 $2 20. cxb4 Nf4 21. Qe3 $18 (21. Qd2 Rd8 $16)) (19... Nf4 $14 20. Qf1 b5) 20. g3 $16 h4 21. bxc5 (21. Ne3 {is more complex.} Qd7 22. dxc5 hxg3 23. fxg3 bxc5 24. b5) 21... bxc5 {[%cal Re5d4]} 22. dxe5 ({Better is} 22. d5 $16) 22... hxg3 23. hxg3 (23. fxg3 $5 {[%cal Re5f6]} Nxe5 24. Nxe5 Qxe5 25. c4 $11) 23... Nxe5 24. Nxe5 Qxe5 25. Kg2 c4 26. Rh1 Rxh1 27. Rxh1 f5 {[%cal Rf5e4]} 28. Rh7 Rd7 (28... Bxe4+ $15 29. Kh2 (29. f3 Rd3 $17) 29... g4) 29. Bc1 $11 ({But not} 29. Qxc4 $2 fxe4 30. Qe2 e3+ 31. Kh3 Rd2 $19) 29... g4 30. Qxc4 Bf6 31. Rxd7 Kxd7 32. Kf1 {[#] Black must now prevent exf5.} fxe4 33. Qb3 ({Don't play} 33. Bf4 Qxc3 34. Qxc3 Bxc3 $15) 33... Bc6 34. Bf4 Qd5 35. c4 Qd4 36. Be3 Qa1 37. Qd1+ Kc7 38. Bc2 Qc3 39. Qxg4 Qxc4+ 40. Kg1 {Weighted Error Value: White=0.12/Black=0.11} 1/2-1/2

[Event "Sheikh Russel GM 2021"]
[Site "Dhaka"]
[Date "2021.10.26"]
[Round "8.4"]
[White "Krasenkow, Michal"]
[Black "Sumets, Andrey"]
[Result "1-0"]
[WhiteElo "2578"]
[BlackElo "2497"]
[Annotator "TA"]
[PlyCount "95"]
[EventDate "2021.10.19"]
[EventType "swiss"]
[EventCountry "BAN"]
[SourceTitle "playchess.com"]
[Source "ChessBase"]
[SourceQuality "1"]

{[%evp 14,95,14,17,37,16,16,15,11,14,17,16,8,10,16,16,14,11,12,12,10,7,13,10,10,8,12,0,3,0,10,0,0,0,2,-7,16,0,7,7,7,0,0,0,40,37,37,36,41,42,42,42,49,49,53,49,49,49,49,49,64,46,37,22,106,106,118,122,149,149,141,150,201,186,178,173,364,351,356,347,349,328,1406,1312]} 1. Nf3 d5 2. d4 Nf6 3. c4 e6 4. Nc3 Bb4 5. Bg5 h6 6. Bxf6 Qxf6 7. Qa4+ Nc6 8. e3 O-O {D38: Queen's Gambit Declined: Ragozin Defence (4 Nf3 Bb4).} 9. Rc1 (9. Bd3 {looks sharper.} Bxc3+ 10. bxc3 Bd7 11. O-O Rad8 12. Qc2) 9... Qg6 10. Qc2 Qxc2 {The position is equal.} 11. Rxc2 Rd8 12. a3 Bf8 13. Nb5 Rd7 14. Be2 a6 15. Nc3 Rd8 16. O-O {[#]} Na5 $146 ({Predecessor:} 16... Nb8 17. Rfc1 c6 18. Na4 Nd7 19. Ne5 Nxe5 20. dxe5 Bd7 21. Nb6 Rab8 22. Bg4 Be8 23. cxd5 exd5 24. Rd2 g6 {½-½ (60) Buhmann,R (2583)-Gajewski,G (2556) Polanica Zdroj 2007}) 17. c5 Nc6 18. b4 g5 19. Rd1 Bg7 20. Ne1 Bd7 21. g3 Be8 22. f4 f6 23. Nf3 Bf7 24. Rcd2 Rd7 25. h4 {[%cal Rh4g5]} g4 26. Ne1 h5 27. f5 Bh6 28. Ng2 Ne7 29. fxe6 Bxe6 30. Bd3 Bf5 31. Rf1 Bxd3 32. Rxd3 Kg7 33. Ne2 Re8 34. Nef4 Bxf4 35. Nxf4 Kh6 36. Ng2 Kg6 37. Kf2 c6 38. a4 Ng8 (38... Nf5 $11) 39. Ra3 Ra8 {[#]} 40. Rfa1 $1 f5 41. Nf4+ Kh6 42. b5 axb5 (42... Nf6 $16 {was necessary.}) 43. axb5 $18 Rxa3 44. Rxa3 cxb5 $2 $16 {KRN-KRN} (44... Nf6 45. Kg2 Re7) 45. Rb3 Nf6 46. Rxb5 Kg7 47. Rb6 Re7 $2 {[#]} (47... Rf7 48. Kf1 Kh7) 48. Rxf6 $1 {[%mdl 512] Weighted Error Value: White=0.03/Black=0.15} 1-0

[Event "Sheikh Russel GM 2021"]
[Site "Dhaka"]
[Date "2021.10.26"]
[Round "8.5"]
[White "Mitrabha, Guha"]
[Black "Iskandarov, Misratdin"]
[Result "1-0"]
[WhiteElo "2479"]
[BlackElo "2552"]
[Annotator "TA"]
[PlyCount "125"]
[EventDate "2021.10.19"]
[EventType "swiss"]
[EventCountry "BAN"]
[SourceTitle "playchess.com"]
[Source "ChessBase"]
[SourceQuality "1"]

{[%evp 9,125,21,23,27,25,16,33,20,25,26,25,22,38,7,54,23,76,50,32,0,25,0,-8,-28,-28,-29,-29,-20,14,0,13,-20,-9,-12,-10,-18,-9,-12,-9,-34,-33,-39,-27,-27,-15,-29,0,0,0,0,7,0,6,0,0,0,0,-3,0,-3,0,-3,-3,-23,20,0,0,0,0,-9,0,0,0,0,0,0,0,0,105,105,94,0,0,0,81,71,90,50,70,68,60,79,88,50,73,0,282,261,322,335,1134,1127,2813,2429,1985,1733,1733,1733,1717,1625,1398,1277,29974,29975,29990,29991,29995,734]} 1. d4 Nf6 2. c4 g6 3. g3 Bg7 4. Bg2 O-O 5. Nc3 Nc6 6. e3 {E61: King's Indian: Early deviations for White, including Smyslov System.} e5 7. d5 Ne7 8. Nge2 {White is slightly better.} d6 9. O-O Nd7 10. b3 f5 {[#]} 11. f4 $146 ({Predecessor:} 11. Bb2 Nf6 12. Rc1 g5 13. f4 Ng6 14. Rc2 Ng4 15. Bc1 gxf4 16. exf4 Qe7 17. h3 {0-1 (51) Toptschiev,D (1708)-Riess,A (1816) Magdeburg 2013}) 11... Kh8 12. Bb2 Ng8 (12... e4 $11) 13. Qd2 Ngf6 14. Kh1 Qe7 15. Rae1 e4 16. Rd1 Nc5 17. Nc1 a5 18. Nb5 Rd8 19. Bc3 b6 20. a3 Bd7 21. Nd4 Rac8 22. b4 axb4 23. axb4 Na4 {next ...b5! is good for Black.} 24. Ba1 b5 25. cxb5 Qf7 26. Rfe1 Nb6 27. Ncb3 Qxd5 28. Bf1 Qg8 29. Na5 Be8 30. Rc1 Bf7 31. Rc6 Rd7 32. Rec1 Nfd5 33. Be2 h5 34. Bd1 Qh7 35. h4 Qg8 36. Bb3 Re8 37. Bxd5 Nxd5 38. Kg1 Kh7 39. Kf2 Ra8 40. Ne2 Bxa1 41. Rxa1 Rb8 42. Nd4 Be8 43. Ra6 Nf6 (43... Rg7 $11 {remains equal.}) 44. Nac6 $16 Rc8 45. Qc3 (45. b6 $16 {And now b7 would win.} cxb6 46. Rxb6) 45... Ng4+ 46. Ke1 Qd5 (46... Nf6 $1 $11 {keeps the balance.}) 47. R1a5 {Hoping for b6.} Qg8 48. Ra8 Rxa8 49. Rxa8 Nf6 $1 50. Ne2 $36 {[%cal Bd4e2,Be2g1,Bg1h3,Bh3g5][%mdl 2080] White has strong initiative.} Qe6 51. Ncd4 Qd5 52. Ra5 (52. Rc8 $1 $16) 52... Rf7 $2 {[%mdl 8192] [#]} (52... Qg8 $11 {and Black stays safe.}) 53. Ng1 $1 $18 Kg8 {[#]} 54. Nh3 $1 Kg7 $2 (54... Nh7 55. b6 Qb7) 55. Ng5 Re7 56. b6 c5 57. bxc5 dxc5 58. Rxc5 Qa2 59. Rc7 Qb1+ 60. Kd2 Rd7 61. b7 {White mates.} Kh6 62. Rxd7 Nxd7 {[#]} 63. Nxf5+ $1 {[%mdl 512] Weighted Error Value: White=0.10/Black=0.31} 1-0

[Event "Sheikh Russel GM 2021"]
[Site "Dhaka"]
[Date "2021.10.26"]
[Round "8.6"]
[White "Shyam, Sundar M."]
[Black "Haznedaroglu, Kivanc"]
[Result "1-0"]
[WhiteElo "2518"]
[BlackElo "2438"]
[Annotator "TA"]
[PlyCount "59"]
[EventDate "2021.10.19"]
[EventType "swiss"]
[EventCountry "BAN"]
[SourceTitle "playchess.com"]
[Source "ChessBase"]
[SourceQuality "1"]

{[%evp 9,59,43,115,10,10,4,-4,-22,0,-44,-37,-101,-97,-86,33,24,59,92,91,62,163,154,157,131,162,167,105,91,89,92,99,79,109,122,130,110,177,185,190,206,202,127,145,71,83,87,66,87,475,467,736,727]} 1. e4 Nf6 2. e5 Nd5 3. d4 d6 4. c4 Nb6 5. f4 g5 (5... dxe5 $14 6. fxe5 Nc6) 6. e6 {B03: Alekhine's Defence: Four Pawns Attack.} (6. Nc3 $16) 6... Bxe6 $11 7. fxg5 Bg7 ({Wrong is} 7... Nxc4 $2 8. d5 $18) (7... Bxc4 $2 8. Bxc4 Nxc4 9. Qa4+ Nc6 10. Qxc4 $18) 8. d5 {The position is equal.} Bf5 {[#]} 9. Nc3 $146 ({Predecessor:} 9. Nf3 Qd7 10. Nc3 Na6 11. Be2 Nc5 12. O-O Bxc3 13. bxc3 Qa4 14. Qd4 O-O-O 15. Nh4 {1-0 (49) Rozentalis,E (2549)-Krasenkova,I (2083) St Clement Bay 2015}) 9... Na6 10. g4 ({White should play} 10. Nf3 $15) 10... Bg6 $17 11. h4 Nb4 ({Better is} 11... O-O $17 {Hoping for ...e6.} 12. Rh3 e6) 12. Rh2 $1 $14 Be5 13. Rg2 Qd7 14. Nf3 (14. Be3 {looks sharper.} Nc2+ 15. Rxc2 Bxc2 16. Qxc2 Qxg4 17. Ne4) 14... Bxc3+ (14... Nc2+ $1 $14 15. Rxc2 Bg3+ 16. Rf2 Qxg4) 15. bxc3 $18 Nc2+ 16. Rxc2 Bxc2 17. Qxc2 Qxg4 18. Qg2 Qxg2 19. Bxg2 Nxc4 20. a4 a5 21. Nd4 {[%mdl 1024] White has strong compensation.} O-O-O 22. Rb1 {aiming for Bh3+.} Nb6 (22... Rdf8 $16) 23. Rb5 e6 24. dxe6 fxe6 25. Bh3 ({Not} 25. Nxe6 Rhe8 $11) 25... Rde8 26. Rxa5 ({Weaker is} 26. Bxe6+ {[#]} Rxe6+ $1 27. Nxe6 Re8 $11) (26. Kf2 $142) 26... Kb8 $16 27. Nxe6 Rhf8 {Strongly threatening ...Rf3.} 28. Ke2 {Be3 is the strong threat.} c6 $2 {[%mdl 8192]} (28... c5 $16) 29. Be3 $1 $18 {[%csl LRb6,LRf8]} Nd5 {[#]} (29... Nc4 $142 30. Rf5 Rg8) 30. Rxd5 $1 {[%mdl 512] Weighted Error Value: White=0.24/Black=0.60} 1-0

[Event "Sheikh Russel GM 2021"]
[Site "Dhaka"]
[Date "2021.10.26"]
[Round "8.7"]
[White "Solodovnichenko, Yuri"]
[Black "Aditya Mittal"]
[Result "1/2-1/2"]
[WhiteElo "2577"]
[BlackElo "2447"]
[Annotator "TA"]
[PlyCount "103"]
[EventDate "2021.10.19"]
[EventType "swiss"]
[EventCountry "BAN"]
[SourceTitle "playchess.com"]
[Source "ChessBase"]
[SourceQuality "1"]

{[%evp 17,103,32,21,-63,0,0,0,0,0,0,0,0,0,0,0,0,0,0,0,0,0,0,0,0,10,0,22,-34,-32,-18,-36,-29,-35,-30,-14,-44,-42,-44,-34,-41,-36,-45,-39,-27,-39,-45,0,0,0,0,0,0,0,0,0,-2,0,0,0,0,0,0,0,0,0,0,0,0,0,0,0,0,0,0,0,0,0,0,0,0,0,0,0,0,0,0,0,0]} 1. e4 c5 2. Nf3 d6 3. d4 cxd4 4. Nxd4 Nf6 5. Nc3 a6 6. Bg5 e6 7. f4 Nbd7 8. Qe2 $1 {[%mdl 4] now scores much better than the old 8.Qf3.} Qc7 9. O-O-O b5 10. f5 {B96: Sicilian Najdorf: 6 Bg5 e6 7 f4, lines other than 7...Qb6 and 7...Be7.} ({White should play} 10. a3 $11) 10... e5 (10... b4 $1 $15 11. fxe6 bxc3 12. exd7+ Bxd7) 11. Nd5 $11 Nxd5 12. exd5 Nb6 13. Qh5 Be7 14. Bd3 h6 15. Bxe7 Qxe7 16. Kb1 O-O ({Avoid the trap} 16... exd4 $2 17. Rhe1 $18) 17. Nc6 {[#]} Qf6 $146 ({Predecessor:} 17... Qc7 18. Qf3 Bb7 19. Be4 Bxc6 20. dxc6 d5 21. Bxd5 Nxd5 22. Qxd5 Rac8 {½-½ (22) Pappier,C (2497)-Percze,J (2498) ICCF email 2018}) 18. Be4 Bd7 $1 19. Qf3 Bxc6 20. dxc6 Rac8 21. Rhe1 Rfe8 22. Qf2 {[#]} (22. Qc3 $11) 22... d5 $1 $15 23. Bxd5 Nxd5 24. Rxd5 e4 25. c3 Qxc6 26. Rd4 e3 27. Qf3 Qxf3 28. gxf3 {[%mdl 4096] Endgame KRR-KRR} Rc5 29. Re4 Rd8 30. f6 Rd2 31. h4 Rf5 32. Re8+ {The position is equal.} ({Reject} 32. R4xe3 Rxf6 33. Rc1 Rf4 $17) 32... Kh7 33. fxg7 Kxg7 34. R1xe3 Rf2 35. a4 bxa4 36. c4 R2xf3 (36... Rf4 {is more complex.} 37. R8e4 R2xf3 38. c5 Rf1+ 39. Ka2 Rxe4 40. Rxe4 Rc1) 37. Rxf3 Rxf3 $11 {KR-KR} 38. Kc2 Rf4 39. Kd3 Rxh4 40. c5 Rh1 (40... Rh5 {feels hotter.} 41. Kc4 Rh2 42. c6 Rc2+ 43. Kd5 f5) 41. Kc4 Rh2 42. Kc3 Rh3+ 43. Kd4 {[#] aiming for c6.} Rh2 44. c6 Rc2 45. Kd5 Rd2+ 46. Kc5 Rc2+ ({Don't play} 46... Rxb2 $6 47. c7 $16) 47. Kd6 Rd2+ 48. Ke7 {And now Rb8 would win.} Re2+ 49. Kd7 Rd2+ 50. Ke7 {Rb8 is the strong threat.} Re2+ 51. Kd7 Rd2+ 52. Ke7 {Weighted Error Value: White=0.08/Black=0.03} 1/2-1/2

[Event "Sheikh Russel GM 2021"]
[Site "Dhaka"]
[Date "2021.10.26"]
[Round "8.8"]
[White "Rahman, Ziaur"]
[Black "Tiviakov, Sergei"]
[Result "1/2-1/2"]
[WhiteElo "2431"]
[BlackElo "2600"]
[Annotator "TA"]
[PlyCount "36"]
[EventDate "2021.10.19"]
[EventType "swiss"]
[EventCountry "BAN"]
[SourceTitle "playchess.com"]
[Source "ChessBase"]
[SourceQuality "1"]

{[%evp 12,36,19,-2,16,7,61,52,64,81,73,76,83,54,68,56,64,48,57,46,98,97,90,89,98,95,117]} 1. d4 Nf6 2. c4 e6 3. g3 d5 4. Bg2 Bb4+ 5. Nd2 O-O 6. Ngf3 dxc4 7. Qc2 b5 {E04: Open Catalan: 5 Nf3.} 8. a4 $1 Ba6 (8... Bb7 $11) 9. O-O $14 Nc6 {White is slightly better.} 10. axb5 Bxb5 11. Nxc4 {[#]} Be7 $146 ({Predecessor:} 11... Rb8 12. Rd1 a6 13. Na3 Bxa3 14. bxa3 a5 15. e4 a4 16. Bf4 Ne8 17. d5 exd5 18. Rxd5 {1-0 (38) Karpenko,A (2127)-Protopopova,A (2160) Saratov 2015}) 12. b3 Rb8 13. Bb2 a6 14. Rfc1 Nb4 15. Qd2 Nbd5 (15... c5 $14) 16. Nfe5 $16 {White is better.} Nd7 17. Nxd7 Qxd7 18. Ne5 Qd6 {Weighted Error Value: White=0.08/Black=0.18} 1/2-1/2

[Event "Sheikh Russel GM 2021"]
[Site "Dhaka"]
[Date "2021.10.26"]
[Round "8.9"]
[White "Zubarev, Alexander"]
[Black "Stany, G.A."]
[Result "1/2-1/2"]
[WhiteElo "2395"]
[BlackElo "2522"]
[Annotator "TA"]
[PlyCount "60"]
[EventDate "2021.10.19"]
[EventType "swiss"]
[EventCountry "BAN"]
[SourceTitle "playchess.com"]
[Source "ChessBase"]
[SourceQuality "1"]

{[%evp 27,60,11,6,0,0,-28,5,13,85,50,92,92,72,47,47,47,47,47,57,11,34,0,0,0,120,84,128,127,118,76,87,0,83,0,71]} 1. Nf3 Nf6 2. c4 g6 3. Nc3 d5 4. d4 Bg7 5. Qb3 dxc4 6. Qxc4 O-O 7. e4 Bg4 8. Be3 Nfd7 9. Rd1 Nb6 10. Qb3 Nc6 11. d5 Ne5 12. Be2 Nxf3+ 13. gxf3 Bh5 14. f4 {14.h4 is setting a new trend.} Bxe2 $1 15. Kxe2 {D99: Grünfeld: Russian System: 7 e4 Bg4 8 Be3 Nfd7 9 Qb3.} Qd7 16. h4 c6 17. h5 {[#] Threatens to win with hxg6.} cxd5 $146 (17... Qg4+ $11 {keeps the balance.} 18. f3 Qg2+ 19. Bf2 {[#]} Bd4 $1 {[%mdl 64] Pin}) ({Predecessor:} 17... Rfe8 18. hxg6 hxg6 19. f5 cxd5 20. Nxd5 Nxd5 21. Rxd5 Qc6 22. fxg6 e6 23. gxf7+ Kxf7 {1-0 (30) Szabo,L-Koskinen,H Marianske Lazne/ Prague 1954}) 18. hxg6 ({But not} 18. Nxd5 $6 Qg4+ 19. f3 Qg2+ 20. Bf2 Nxd5 $11) 18... fxg6 19. Bxb6 Bxc3 20. Be3 ({Of course not} 20. bxc3 $6 axb6 21. f5 Ra5 $15) (20. Rxd5 {with more complications.} Qe6 21. Be3 Bg7 22. Rd7 Qxb3 23. axb3 Rfe8 24. Bc5) 20... Bg7 21. Qxd5+ Qxd5 22. Rxd5 Rac8 23. Rhd1 Rc4 24. Rb5 b6 25. Rd7 Ra4 (25... Rxe4 $11 26. Rxa7 Rfxf4) 26. Rxe7 $16 Rxa2 27. e5 Rf7 28. Re8+ Rf8 29. Re7 Rf7 $1 {[%cal Rf7e7]} 30. Re8+ Rf8 {Weighted Error Value: White=0.27/Black=0.21} 1/2-1/2

[Event "Sheikh Russel GM 2021"]
[Site "Dhaka"]
[Date "2021.10.26"]
[Round "8.10"]
[White "Visakh N R"]
[Black "Hossain, Enamul"]
[Result "1/2-1/2"]
[WhiteElo "2515"]
[BlackElo "2396"]
[Annotator "TA"]
[PlyCount "99"]
[EventDate "2021.10.19"]
[EventType "swiss"]
[EventCountry "BAN"]
[SourceTitle "playchess.com"]
[Source "ChessBase"]
[SourceQuality "1"]

{[%evp 23,99,0,0,0,0,0,28,14,24,26,26,34,21,20,26,20,20,26,28,18,36,17,75,18,30,0,3,0,18,16,62,22,22,22,34,22,22,22,22,22,22,22,22,22,22,22,38,18,31,4,25,0,39,0,0,0,0,0,0,0,0,-39,-42,-39,-47,-54,-55,-54,-60,-125,-17,-26,-3,-4,0,0,0,-8]} 1. d4 d5 2. c4 c6 3. Nc3 Nf6 4. e3 e6 5. Nf3 Nbd7 6. Qc2 Bd6 7. b3 O-O 8. Be2 b6 9. Bb2 Bb7 10. O-O Qe7 11. Rad1 Rad8 12. Rfe1 Rfe8 13. g3 {D45: Semi-Slav: 5 e3.} a6 14. Bf1 e5 (14... Bb4 {keeps more tension.} 15. Bg2 Ne4 16. Nd2 Nxd2 17. Rxd2 Nf6) 15. cxd5 {White has an edge.} cxd5 16. dxe5 Nxe5 17. Nxe5 Bxe5 {[#]} 18. Ne2 $146 ({Predecessor:} 18. Bg2 Qc7 19. Qd2 d4 20. exd4 Bxg2 21. Kxg2 Rxd4 22. Qe3 Rxd1 23. Rxd1 h6 {½-½ (23) Levin,F (2504)-Ribli,Z (2560) Germany 2015}) 18... Rc8 19. Qb1 Ne4 {aiming for ...Qf6!} 20. Bxe5 Qxe5 21. Bg2 h5 22. Qa1 Qf5 {[#]} (22... Qxa1 $11 23. Rxa1 g6) 23. Rf1 (23. Nf4 $1 $16 {Black must now prevent Bh3.} Rc2 24. Rc1 Rxf2 25. Bxe4 Qxe4 26. Kxf2) 23... h4 $11 24. Nd4 Qh5 25. Rc1 hxg3 26. hxg3 Rcd8 27. Rc7 Bc8 28. Rfc1 Bh3 29. Qb2 Rd6 {And now ...Bxg2 would win.} 30. R7c6 Rxc6 31. Rxc6 Qd1+ 32. Kh2 Bd7 33. Rc1 Qh5+ 34. Kg1 Nf6 35. Nf3 Bf5 36. Nh2 Be4 37. Qd2 (37. f3 {is interesting.} Bf5 38. Qd4 Bd7 39. Qxb6 Qe5 40. g4) 37... a5 38. Qd1 (38. f3 {with more complications.} Bg6 39. Qd4 Qe5 40. Qxe5 Rxe5 41. Kf2) 38... Qxd1+ 39. Rxd1 Rc8 40. Bxe4 Nxe4 41. Rxd5 {[%mdl 4096] Endgame KRN-KRN} Rc1+ 42. Kg2 Rc2 {[%mdl 64] Double Attack} 43. Ng4 Rxa2 44. Rb5 Rb2 45. Rxb6 f5 46. Ne5 {[#]} ({White should play} 46. Rb8+ $15 Kh7 47. Re8) 46... Rxf2+ (46... a4 $1 $17 47. g4 (47. Rb8+ Kh7 $19) 47... fxg4) 47. Kg1 Re2 48. g4 {The position is equal.} Re1+ 49. Kg2 Re2+ 50. Kg1 {Weighted Error Value: White=0.14/Black=0.14} 1/2-1/2

[Event "Sheikh Russel GM 2021"]
[Site "Dhaka"]
[Date "2021.10.26"]
[Round "8.11"]
[White "Neelash Saha"]
[Black "Mousavi, Seyed Khalil"]
[Result "0-1"]
[WhiteElo "2421"]
[BlackElo "2510"]
[Annotator "TA"]
[PlyCount "96"]
[EventDate "2021.10.19"]
[EventType "swiss"]
[EventCountry "BAN"]
[SourceTitle "playchess.com"]
[Source "ChessBase"]
[SourceQuality "1"]

{[%evp 17,96,20,29,15,22,8,29,-14,-16,-14,-10,-28,-18,-31,-29,-22,-25,-33,-34,-35,-18,-50,-23,-68,27,23,25,10,25,0,0,-85,-79,-58,0,-24,0,0,0,0,61,-84,0,0,95,0,0,0,57,-58,0,0,0,-202,-206,-199,-186,-187,-218,-201,-151,-450,-445,-949,-419,-830,-774,-1090,-1063,-1152,-1183,-1160,-1141,-1417,-1387,-29975,-29976,-29976,-29969,-29979,-4802]} 1. d4 Nf6 2. c4 e6 3. g3 d5 4. Nf3 Bb4+ 5. Bd2 Be7 6. Bg2 O-O 7. O-O Nbd7 {[%cal Bb8d7,Bd7b6,Bb6c4][%mdl 32]} 8. Qc2 Ne4 9. Rd1 c6 10. Be1 {10.Nc3 injects fresh life into this line. E11: Bogo-Indian.} f5 11. b4 Bf6 12. Nc3 {White has an edge.} Nb6 13. c5 Nc4 {[#]} 14. Na4 $146 ({Predecessor:} 14. e3 Bd7 15. Bf1 Na3 16. Qb3 Nb5 17. Ne2 g5 18. a4 Nc7 19. Ne5 g4 20. h4 Qe7 21. Nf4 Be8 {½-½ (21) Ernst,S (2373)-Van der Wiel,J (2531) Vlissingen 2000}) 14... b6 15. Nb2 Nxb2 16. Qxb2 bxc5 17. bxc5 Ba6 18. e3 Qe8 19. Rdc1 Qh5 20. Ba5 g5 (20... Rac8 $15) 21. Bc7 $1 $11 g4 22. Nd2 Ng5 23. Bf1 Bxf1 24. Kxf1 (24. Rxf1 $11 Rf7 25. Bd6) 24... Qxh2 $17 25. Ke2 Nh3 26. Rf1 Rae8 27. Rab1 Qg2 28. Qb7 f4 ({Black should play} 28... e5 $1 $11 29. Bxe5 Bxe5 30. dxe5 Rxe5) 29. gxf4 (29. Bxf4 $14 {was the only good move.} Nxf4+ 30. gxf4) 29... g3 (29... Re7 $1 $17 {Hoping for ...g3.} 30. Qxa7 (30. Qxc6 $2 Rc8 $17) 30... g3) 30. Bd6 $11 Be7 31. Bxe7 (31. Qd7 $1 $16 Bxd6 32. cxd6 gxf2 33. Rb7 Qg4+ 34. Kd3 Qg6+ 35. Kc3) 31... Rf7 $40 {[%mdl 128] Black has some attack.} 32. Qxc6 Rfxe7 (32... Rexe7 $11 33. Qd6 h6) 33. Qd6 (33. Nf3 $1 $14) 33... gxf2 (33... Nxf2 $15 34. Rg1 Qh3) 34. c6 Ng1+ 35. Kd3 $2 {[#]} (35. Kd1 $11 {and White has nothing to worry.} Nf3 36. Ke2 Ng1+ 37. Kd1) 35... Qg6+ $1 $19 36. Kc3 {Threatens to win with Rb8.} Ne2+ 37. Kb2 Qd3 $1 {[%csl Ge2,LRd2,LRe3][%cal Rd3c3][%mdl 64] Double Attack} 38. Nb3 Qxe3 {aiming for ...a5.} 39. Rbd1 $2 {White does not recover from this.} (39. Qe5 $17 {is the only way for White.} Qf3 40. c7) 39... Ng3 40. c7 (40. Qe5 $142 Nxf1 41. Rxf1) 40... Ne4 (40... Qe2+ $142 41. Rd2 Qxf1) 41. Qc6 (41. Qe5 $142 Qc3+ {[%mdl 64] Double Attack} 42. Ka3) 41... Rc8 42. Rc1 Rcxc7 43. Qa8+ Kg7 44. Qd8 Qxf4 45. Rh1 Ng3 46. Rh4 {[#]} Qxc1+ $3 {[%mdl 576] Remove Defender, Promotion. Black mates.} 47. Nxc1 f1=Q 48. Nb3 Qe2+ {Weighted Error Value: White=0.83/Black=0.34} (48... Qg2+ $142 49. Ka3 Nf5 50. Rf4 Rc2 51. Rg4+ Qxg4 52. Qb8 Rcc7 53. Qb4 Qg3 54. Qd2 Rc4 55. Kb2 Rb7 56. Kb1 Qg1+ 57. Kb2 Nxd4 58. Qf4 Rc2+ 59. Ka3 {[#]} Rxb3+ $1 {[%mdl 576] Remove Defender} 60. axb3 Qa1+ 61. Kb4 a5#) 0-1

[Event "Sheikh Russel GM 2021"]
[Site "Dhaka"]
[Date "2021.10.26"]
[Round "8.12"]
[White "Rios, Cristhian Camilo"]
[Black "Harikrishnan.A.Ra"]
[Result "1-0"]
[WhiteElo "2457"]
[BlackElo "2429"]
[Annotator "TA"]
[PlyCount "93"]
[EventDate "2021.10.19"]
[EventType "swiss"]
[EventCountry "BAN"]
[SourceTitle "playchess.com"]
[Source "ChessBase"]
[SourceQuality "1"]

{[%evp 21,93,0,10,0,0,0,-4,-11,-7,-8,0,0,0,0,0,-27,-22,-32,-5,-16,-19,0,0,0,0,0,0,0,0,-23,0,0,0,0,0,0,0,0,0,0,0,-5,13,13,17,16,18,18,7,8,16,22,19,18,15,16,20,16,21,15,27,0,0,0,0,0,0,0,8,16,664,460,2296,1523]} 1. d4 d5 2. c4 c6 3. Nf3 Nf6 4. Qb3 dxc4 5. Qxc4 Bf5 6. g3 e6 7. Bg2 Be7 8. O-O O-O 9. Nc3 Nbd7 10. Re1 Ne4 {10...Bg6 is not played anymore.} 11. Qb3 Qb6 12. Nh4 {D23: Queen's Gambit Accepted: 3 Nf3 Nf6 sidelines.} Bxh4 ({Wrong is} 12... Qxd4 $2 13. Nxe4 (13. Be3 Qb4 $16) 13... Bxe4 14. Rd1 $18) 13. gxh4 Ndf6 ({Don't go for} 13... Qxd4 $2 14. Nxe4 Bxe4 15. Rd1 $18) 14. f3 {The position is equal.} Nxc3 15. bxc3 e5 16. Qxb6 axb6 17. e4 Be6 {[#]} 18. a3 $146 ({Predecessor:} 18. dxe5 Nd7 19. f4 Bxa2 20. Be3 Nc5 21. Bf3 h6 22. Kg2 Ra4 23. Bxc5 bxc5 24. Rad1 b5 25. Rd6 Rc4 26. Rd2 Ra8 27. Ra1 Rca4 28. Rd6 Bc4 29. Rxc6 Rxa1 {0-1 (29) Boettcher,F (2166)-Hintze,E (2193) LSS email 2011}) 18... exd4 19. cxd4 Ra4 20. Bb2 Nh5 21. Rad1 Bb3 22. Rd2 Nf4 23. Bf1 Bc4 24. Bxc4 Rxc4 25. Kf2 Re8 26. Ke3 Nd5+ 27. Kd3 b5 28. Rg1 Nb6 29. h5 $1 Ra4 30. Rdg2 g6 31. hxg6 fxg6 32. h4 Nc4 33. Bc1 Rd8 34. h5 Ne5+ 35. Ke2 Raxd4 {[#] Strongly threatening ...Rc4.} 36. Bf4 Re8 37. Bxe5 Rxe5 38. hxg6 $11 {[%mdl 4096] Endgame KRR-KRR} h6 39. Ke3 Ra4 40. Kf4 Re8 41. g7 Re7 42. Rd2 {[#] Intending Rd8+ and mate.} Rf7+ 43. Ke5 {White wants to mate with Rd8+.} Ra8 {White must now prevent ...Re8+.} 44. Rd6 Re8+ 45. Kd4 Rxf3 $2 {[%mdl 8192]} (45... Rxg7 $11 46. Rxg7+ Kxg7) 46. Rxh6 $18 {White threatens Rh8+ and mate.} Kf7 (46... c5+ $142 47. Kxc5 Kf7) 47. e5 {Weighted Error Value: White=0.03/Black=0.26} 1-0